000 00290nam a22001337a 4500
008 170403b xxu||||| |||| 00| 0 eng d
020 _a9780632043484
041 _aeng
080 _a574
100 _a9
101 _aSHM
245 _aESSENTIALS OF ECOLOGY
_cTOWNSEND.C.R
942 _2udc
_cBK
999 _c9535
_d9535